=LDR 00000nam 2200000 4500 =001 INLIS000000000031117 =005 20140401121700.0 =006 =007 =008 ind =035 ##$$a 0010-061300000031117 =041 ##$$a ind =082 ##$$a 617.47 =090 ##$$a 617.47, Het a =100 ##$$a Hetharia, Rospa =245 ##$$a Asotian keperawatan gangguan sistem integumen, Rospa Hetharia; editor, Ns.Sri Mulyani,s.kep,MKM =260 ##$$a Jakarta $b Trans info media $c 2009 =300 ##$$a viii,157 hlm, ilus, 21 cm =650 ##$$a Kulit perawatan =700 ##$$a Mulyani,Ns.Sri =850 ##$$a NBPNMAT =990 ##$$a 92246/BPAP-NTB/2014